Mario Enemies - Statistics

General Stats
  • This quiz has been taken 28 times
  • The average score is 15 of 30
Answer Stats
Answer % Correct
Goomba
100%
Koopa Troopa
96%
Boo
78%
Piranha Plant
74%
Cheep Cheep
65%
Lakitu
65%
Dry Bones
61%
Hammer Bro
61%
ParaTroopa
61%
Spiny
61%
Bob-Omb
57%
Thwomp
57%
Bullet Bill
52%
Chain Chomp
52%
Shy Guy
52%
Spike
52%
Blooper
43%
Buzzy Beetle
43%
Fire Bro
43%
Monty Mole
43%
Wiggler
43%
Boomerang Bro
30%
Ice Bro
30%
ParaGoomba
30%
Whomp
30%
Pokey
26%
Sledge Bro
26%
Sumo Bro
17%
MechaKoopa
9%
Snifit
9%
No matching quizzes found
Score Distribution
Percent of People with Each Score
Percentile by Number Answered
Your Score History
You have not taken this quiz